000 00360nam a2200133Ia 4500
008 210210b1998 xxu||||| |||| 00| 0 eng d
082 _a001.64 MURF
100 _aMURALI (D).
245 _aFundamentals of electronic data processing for C A intermediate.
260 _aND
_bFranksons
_c1998
300 _ax,557
690 _aComputer Science
906 _a053979
999 _c101859
_d101859